000 00281nam a22001337a 4500
008 170316b xxu||||| |||| 00| 0 eng d
020 _a9780781796859
041 _aeng
080 _a616.8
100 _a7
101 _aSHM
245 _aNEUROLOGY
_cDRISLANE, F.W
942 _2udc
_cBK
999 _c8008
_d8008